Normal view
MARC view
- القرارات الاستراتيجية- هيئة النقل البري-الاردن
Entry Topical Term
001 - CONTROL NUMBER
- control field: 61379
003 - CONTROL NUMBER IDENTIFIER
- control field: JO-AjAnu
005 - DATE AND TIME OF LATEST TRANSACTION
- control field: 20230606084029.0
008 - FIXED-LENGTH DATA ELEMENTS
- fixed length control field: 230606|| aca||aabn | a|a d
040 ## - CATALOGING SOURCE
- Original cataloging agency: JO-AjAnu
- Transcribing agency: JO-AjAnu
150 ## - HEADING--TOPICAL TERM
- Topical term or geographic name entry element: القرارات الاستراتيجية- هيئة النقل البري-الاردن
670 ## - SOURCE DATA FOUND
- Source citation: Work cat.: (JO-AjAnu)31309: اعداد الروسان، معتز محمد سليمان؛ اشراف علي فلاح مفلح الزعبي, author 61378, أثر الذكاء الاستراتيجي في تحسين عملية اتخاذ القرارات الاستراتيجية في هيئة تنظيم النقل البري في الاردن: المرونة الاستراتيجية كمتغير وسيط= The Impact of Strategic Intelligence in Improving Strategic Decision Making Process in Land Transport Regulatory Commission in Jordan: Strategic Flexiblity as a Mediator